Top 3 Non-European Ballon d’Or Nominees per Season - Statistics

General Stats
  • This quiz has been taken 1,617 times
    519 since last reset
  • The average score is 22 of 30
Answer Stats
Player % Correct
Lionel Messi
98%
Mohamed Salah
96%
Neymar
95%
Luis Suárez
94%
Didier Drogba
93%
James Rodríguez
93%
Ronaldo
93%
Sadio Mané
93%
Ronaldinho
92%
Samuel Eto'o
92%
Vinícius Júnior
91%
George Weah
90%
Rivaldo
88%
Kaká
87%
Diego Forlán
82%
Edinson Cavani
81%
Radamel Falcao
81%
Lautaro Martínez
77%
Roberto Carlos
76%
Julián Álvarez
72%
Gabriel Batistuta
64%
Emmanuel Adebayor
60%
Ademola Lookman
57%
Hernán Crespo
49%
Dida
40%
Juan Sebastián Verón
37%
Adriano
35%
Nwankwo Kanu
33%
Finidi George
10%
Giovane Élber
10%
No matching quizzes found
Score Distribution
Percent of People with Each Score
Percentile by Number Answered
Your Score History
You have not taken this quiz since the last reset